000
00317nam a22001217a 4500
003
SGT
082
_a
920
_b
S23S
100
_a
सिंह, उमेश प्रसाद
245
_a
साठ के हेमंत
260
_b
प्रभात प्रकाशन
_c
2023
300
_a
476
942
_2
ddc
_c
BK
999
_c
31991
_d
31991